000 00334nam a22001457a 4500
008 210511b ||||| |||| 00| 0 eng d
020 _a9781418072520
041 _aeng
080 _26th
_a61
082 _a61
100 _a4
101 _aSHM
245 _aMedical Terminology for Health Professions
_cEhrlich,A
942 _2udc
_cBK
999 _c57178
_d57178